000
00313nam a22001217a 4500
008
230621b xxu||||| |||| 00| 0 eng d
020
_a
999167392x
082
_a
328.30
_b
NAM
245
_a
Historical Overview of the Namibian Parliament
260
_a
Namibia
_b
Republic of Namibia
300
_a
15p
942
_2
ddc
_c
BK
999
_c
2334
_d
2334